| Tag |
First Indicator |
Second Indicator |
Subfields |
| LEADER |
00000cam a2200000 a 4500 |
| 001 |
in00001487621 |
| 005 |
20151021064757.0 |
| 008 |
990121s1999 enkb b 001 0 eng d |
| 020 |
|
|
|a 1857285247
|
| 020 |
|
|
|a 1857285255 (pbk.)
|
| 035 |
|
|
|a (OCoLC)40658540
|
| 035 |
|
|
|9 AJG6880AM
|
| 040 |
|
|
|a DGU
|c DGU
|d TXA
|d UtOrBLW
|
| 043 |
|
|
|a f------
|
| 049 |
|
|
|a TXAM
|
| 090 |
|
|
|a DT21.5
|b .C6 1999
|
| 100 |
1 |
|
|a Clayton, Anthony,
|d 1928-
|
| 245 |
1 |
0 |
|a Frontiersmen :
|b warfare in Africa since 1950 /
|c Anthony Clayton.
|
| 264 |
|
1 |
|a London ;
|a Philadelphia, PA :
|b UCL Press,
|c 1999.
|
| 300 |
|
|
|a xxiv, 235 pages :
|b maps ;
|c 24 cm.
|
| 336 |
|
|
|a text
|b txt
|2 rdacontent
|
| 337 |
|
|
|a unmediated
|b n
|2 rdamedia
|
| 338 |
|
|
|a volume
|b nc
|2 rdacarrier
|
| 490 |
1 |
|
|a Warfare and history
|
| 504 |
|
|
|a Includes bibliographical references (pages 227-229) and index.
|
| 651 |
|
0 |
|a Africa
|x History, Military.
|
| 650 |
|
0 |
|a Military art and science
|z Africa
|x History
|y 20th century.
|
| 830 |
|
0 |
|a Warfare and history.
|
| 948 |
|
|
|a c:mkz
|
| 999 |
|
|
|a MARS
|
| 999 |
f |
f |
|s b3531211-0003-3b26-8534-f46e68dd610e
|i dcbcd49d-93b5-3897-aed0-bf90f9684d5e
|t 0
|
| 952 |
f |
f |
|p noncirc
|a Texas A&M University
|b College Station
|c Cushing Memorial Library & Archives
|d Cushing: Ragan Military (Does not check out)
|t 0
|e DT21.5 .C6 1999
|h Library of Congress classification
|i unmediated -- volume
|
| 952 |
f |
f |
|p normal
|a Texas A&M University
|b College Station
|c Sterling C. Evans Library
|d Evans: Library Stacks
|t 0
|e DT21.5 .C6 1999
|h Library of Congress classification
|i unmediated -- volume
|m A14824259408
|
| 998 |
f |
f |
|a DT21.5 .C6 1999
|t 0
|l Evans: Library Stacks
|
| 998 |
f |
f |
|a DT21.5 .C6 1999
|t 0
|l Cushing: Ragan Military (Does not check out)
|